[Event "28th WSCC2018 - Open 50+"]
[Site "Bled"]
[Date "2018.11.27"]
[Round "9.1"]
[White "Movsziszian, Karen"]
[Black "Arkell, Keith C"]
[Result "1/2-1/2"]
[WhiteElo "2513"]
[BlackElo "2443"]
[PlyCount "43"]
[EventDate "2018.11.18"]

1. g3 d5 2. Nf3 Nf6 3. Bg2 g6 4. b3 Bg7 5. Bb2 c5 6. c4 d4 7. b4 O-O 8. O-O Re8
9. d3 e5 10. bxc5 Nfd7 11. Ba3 Bf8 12. Nbd2 Nxc5 13. Nb3 Nba6 14. Bxc5 Nxc5 15.
Nxc5 Bxc5 16. Nd2 Rb8 17. Rb1 b6 18. Qa4 Bg4 19. Rfe1 Qc7 20. Bc6 Rec8 21. Bd5
Bd7 22. Qa6 1/2-1/2

[Event "28th WSCC2018 - Open 50+"]
[Site "Bled"]
[Date "2018.11.27"]
[Round "9.2"]
[White "Vareille, Francois"]
[Black "Bagaturov, Giorgi"]
[Result "0-1"]
[WhiteElo "2432"]
[BlackElo "2417"]
[PlyCount "60"]
[EventDate "2018.11.18"]

1. d4 Nf6 2. c4 g6 3. g3 Bg7 4. Bg2 O-O 5. Nc3 d6 6. Nf3 Nc6 7. O-O e5 8. dxe5
Nxe5 9. b3 Nxf3+ 10. Bxf3 Bh3 11. Re1 c6 12. Bf4 Qa5 13. Bd2 Qe5 14. Rc1 g5 15.
e3 Rad8 16. Qe2 Rfe8 17. Red1 d5 18. cxd5 cxd5 19. Nb5 d4 20. Qc4 Qf5 21. Bxb7
Ne4 22. f4 Nxd2 23. Rxd2 dxe3 24. Rd5 Rxd5 25. Bxd5 Rd8 26. Rd1 Rxd5 27. Qxd5
e2 28. Qd8+ Bf8 29. Re1 Qxb5 30. Rxe2 Qc5+ 0-1

[Event "28th WSCC2018 - Open 50+"]
[Site "Bled"]
[Date "2018.11.27"]
[Round "9.4"]
[White "Sturua, Zurab"]
[Black "Berend, Fred"]
[Result "1-0"]
[WhiteElo "2529"]
[BlackElo "2369"]
[PlyCount "85"]
[EventDate "2018.11.18"]

1. c4 Nf6 2. Nc3 e5 3. g3 Bb4 4. Bg2 O-O 5. e4 d6 6. Nge2 c6 7. O-O Be6 8. d3
h6 9. h3 d5 10. exd5 cxd5 11. Qb3 Bxc3 12. Nxc3 Qd7 13. Kh2 Rd8 14. f4 Nc6 15.
fxe5 Nxe5 16. Rxf6 dxc4 17. Qxb7 Qxb7 18. Bxb7 Rab8 19. Rxe6 fxe6 20. Bg2 cxd3
21. Bf4 Rxb2 22. Bxe5 Rc2 23. Rd1 Rf8 24. g4 Rff2 25. Rg1 h5 26. Kh1 hxg4 27.
hxg4 d2 28. Nd1 Rf7 29. a3 Rc4 30. Ne3 Ra4 31. Bc3 Rf2 32. Bb4 a5 33. Bc6 axb4
34. Bxa4 bxa3 35. Ra1 Rf4 36. Rxa3 Re4 37. Bd1 Kf7 38. Kg2 Kf6 39. Kf3 Rd4 40.
Ra5 g5 41. Ke2 Rd8 42. Nf1 Rd4 43. Ke3 1-0

[Event "28th WSCC2018 - Open 50+"]
[Site "Bled"]
[Date "2018.11.27"]
[Round "9.5"]
[White "Van Der Werf, Mark"]
[Black "Danielsen, Henrik"]
[Result "1-0"]
[WhiteElo "2402"]
[BlackElo "2504"]
[PlyCount "65"]
[EventDate "2018.11.18"]

1. d4 d6 2. Nf3 Nf6 3. c4 g6 4. Nc3 Bf5 5. Nh4 Bd7 6. e4 e5 7. Nf3 exd4 8. Nxd4
Bg7 9. Be2 O-O 10. Be3 Nc6 11. O-O Re8 12. f3 Nh5 13. Qd2 Nxd4 14. Bxd4 Nf4 15.
Rfd1 Qg5 16. Bf1 Bxd4+ 17. Qxd4 Bc6 18. b4 b6 19. Qd2 Qe5 20. g3 Ne6 21. f4 Qg7
22. Bg2 a5 23. b5 Bb7 24. Re1 Nc5 25. Rad1 Kf8 26. e5 dxe5 27. Bxb7 Nxb7 28.
Nd5 f5 29. fxe5 Nc5 30. Nf6 Re7 31. Qd5 Rc8 32. g4 Ne4 33. Rxe4 1-0

[Event "28th WSCC2018 - Open 50+"]
[Site "Bled"]
[Date "2018.11.27"]
[Round "9.6"]
[White "Koehler, Gerhard"]
[Black "Cummings, David H"]
[Result "0-1"]
[WhiteElo "2197"]
[BlackElo "2331"]
[PlyCount "168"]
[EventDate "2018.11.18"]

1. c4 e6 2. Nc3 d5 3. cxd5 exd5 4. d4 c6 5. Nf3 Nf6 6. Bg5 Be7 7. Qc2 Nbd7 8.
e3 h6 9. Bh4 Nh5 10. Bxe7 Qxe7 11. Be2 Nhf6 12. O-O O-O 13. Rab1 a5 14. Rfe1
Re8 15. Bf1 Ne4 16. Nxe4 dxe4 17. Nd2 Nf6 18. Rbc1 Nd5 19. a3 Bf5 20. Qc5 Qf6
21. Nc4 Re6 22. Nb6 Nxb6 23. Qxb6 Re7 24. Rc5 a4 25. Ra5 Rxa5 26. Qxa5 b5 27.
Qd8+ Kh7 28. Rc1 Re6 29. Qxf6 Rxf6 30. Rc5 Bd7 31. Be2 Rd6 32. Re5 Re6 33. Rc5
Rd6 34. Kf1 f5 35. Re5 Kg6 36. Ke1 Kf6 37. Kd2 Re6 38. Rc5 Rd6 39. Kc3 Be6 40.
Kb4 Bd5 41. Rc1 Rd8 42. Kc5 g5 43. Rf1 Ke6 44. f3 h5 45. fxe4 Bxe4 46. Bf3 Bd5
47. Rf2 Rb8 48. Bxd5+ cxd5 49. Kc6 b4 50. axb4 Rxb4 51. Kc5 Rb3 52. Re2 h4 53.
Kc6 g4 54. Kc5 g3 55. hxg3 hxg3 56. Kc6 a3 57. bxa3 Rxa3 58. Kc5 Rc3+ 59. Kb4
Rc1 60. Kb3 Kf6 61. Kb2 Rf1 62. Kc2 Kg5 63. Kd3 Kg4 64. Ra2 Rd1+ 65. Ke2 Rg1
66. Kd3 f4 67. exf4 Kxf4 68. Re2 Ra1 69. Re8 Ra3+ 70. Ke2 Ra2+ 71. Kf1 Rf2+ 72.
Kg1 Rd2 73. Kf1 Rxd4 74. Rf8+ Ke4 75. Re8+ Kd3 76. Rg8 Rf4+ 77. Ke1 Re4+ 78.
Kf1 Re3 79. Ra8 d4 80. Ra3+ Ke4 81. Ra4 Rb3 82. Ra1 d3 83. Re1+ Kd4 84. Rc1 Rb2
0-1

[Event "28th WSCC2018 - Open 50+"]
[Site "Bled"]
[Date "2018.11.27"]
[Round "9.7"]
[White "Haessel, Dale R"]
[Black "Grant, Jonathan I M"]
[Result "1/2-1/2"]
[WhiteElo "2155"]
[BlackElo "2192"]
[PlyCount "111"]
[EventDate "2018.11.18"]

1. d4 Nf6 2. c4 e6 3. Nf3 Bb4+ 4. Nbd2 O-O 5. a3 Be7 6. e4 d6 7. Be2 Nc6 8. b4
e5 9. dxe5 dxe5 10. Bb2 a5 11. b5 Nd4 12. Nxd4 exd4 13. Qc2 c5 14. bxc6 bxc6
15. e5 Nd7 16. Bxd4 Bc5 17. Bc3 Qe7 18. Nf3 Bxa3 19. Qa4 Bc5 20. Qxc6 Ra6 21.
Qb5 Rb6 22. Qa4 Bb7 23. O-O Rg6 24. Rfd1 Bc6 25. Qc2 a4 26. g3 Rh6 27. Qf5 Rg6
28. Rd2 Re8 29. Rad1 Nb6 30. Nd4 Bd7 31. Qf3 Qxe5 32. Nb5 Qe7 33. Bd3 Bc6 34.
Qh5 Rh6 35. Qg4 Qf8 36. Nd4 Bd7 37. Nf5 Rg6 38. Qh4 a3 39. Qf4 Bc6 40. h4 h6
41. Kf1 Na4 42. Be5 h5 43. Be2 f6 44. Bd6 Bxd6 45. Qxd6 Qxd6 46. Rxd6 Be4 47.
Ne3 Nc3 48. Ra1 Nxe2 49. Kxe2 Ra8 50. Rb6 a2 51. Nd1 Ra3 52. Ne3 Rh6 53. Rd6
Kf7 54. Rd2 Bb1 55. Rb2 Rh8 56. Rbxb1 1/2-1/2

[Event "28th WSCC2018 - Open 50+"]
[Site "Bled"]
[Date "2018.11.27"]
[Round "9.9"]
[White "Kastelic, Marian"]
[Black "Prie, Eric"]
[Result "0-1"]
[WhiteElo "2241"]
[BlackElo "2482"]
[PlyCount "90"]
[EventDate "2018.11.18"]

1. d4 Nf6 2. Nf3 c5 3. d5 g6 4. c4 b5 5. cxb5 a6 6. bxa6 Bg7 7. Nc3 O-O 8. e4
Qa5 9. Bd2 Bxa6 10. Bxa6 Qxa6 11. Qe2 e6 12. Qxa6 Nxa6 13. dxe6 fxe6 14. O-O
Rfb8 15. b3 Nb4 16. Bf4 Rb7 17. Be5 Nd3 18. Bxf6 Bxf6 19. Rad1 Nxf2 20. Rxf2
Bxc3 21. Rc2 Bf6 22. e5 Bg7 23. Rxc5 Rxa2 24. Rc8+ Kf7 25. Rf1 Ke7 26. Rg8 Bh6
27. Rh8 Be3+ 28. Kh1 Rxb3 29. Rxh7+ Kd8 30. Rd1 Rd3 31. Re1 Rda3 32. h4 Bf4 33.
Rf7 Bg3 34. Rd1 Ra7 35. Rg7 Ke8 36. Rxg6 Ra1 37. Rxg3 Rxd1+ 38. Kh2 Kf7 39. h5
Raa1 40. Kh3 Rh1+ 41. Kg4 Ra4+ 42. Kg5 Kg7 43. Rg4 Rxg4+ 44. Kxg4 Kh6 45. Nh4
Ra1 0-1

[Event "28th WSCC2018 - Open 50+"]
[Site "Bled"]
[Date "2018.11.27"]
[Round "9.10"]
[White "Soffer, Ram"]
[Black "Dougherty, Michael"]
[Result "1-0"]
[WhiteElo "2472"]
[BlackElo "2155"]
[PlyCount "71"]
[EventDate "2018.11.18"]

1. e4 g6 2. d4 Bg7 3. Nf3 d6 4. Bc4 c6 5. O-O Nf6 6. Qe2 O-O 7. e5 Nd5 8. h3 a5
9. a4 Na6 10. Nc3 Nxc3 11. bxc3 Nc7 12. Bd3 f6 13. Re1 fxe5 14. dxe5 d5 15. Ng5
Bf5 16. Rb1 b5 17. axb5 Bxd3 18. cxd3 cxb5 19. Nf3 Qd7 20. Nd4 Rfb8 21. Ba3 Ne6
22. Nxe6 Qxe6 23. d4 Bh6 24. Rxb5 Rxb5 25. Qxb5 Bd2 26. Rd1 Bxc3 27. Bxe7 Rc8
28. Bc5 Qc6 29. Qb3 Bb4 30. Bxb4 Qb5 31. Rb1 axb4 32. e6 Kg7 33. Qe3 Qb8 34. f4
Kf6 35. f5 g5 36. e7 1-0

[Event "28th WSCC2018 - Open 50+"]
[Site "Bled"]
[Date "2018.11.27"]
[Round "9.12"]
[White "Plotkin, Victor"]
[Black "Chan, Peng Kong"]
[Result "1-0"]
[WhiteElo "2307"]
[BlackElo "2169"]
[PlyCount "69"]
[EventDate "2018.11.18"]

1. e4 c5 2. c3 g6 3. d4 cxd4 4. cxd4 d5 5. exd5 Nf6 6. Bb5+ Nbd7 7. Nc3 a6 8.
Be2 Nb6 9. Nf3 Nbxd5 10. Ne5 Nxc3 11. bxc3 Bg7 12. O-O O-O 13. Bf3 Qc7 14. Qb3
Nd7 15. Nxd7 Bxd7 16. Qxb7 Qxc3 17. Bb2 Qc2 18. Qxd7 Rad8 19. Qxe7 Qxb2 20.
Rab1 Qxa2 21. d5 Rfe8 22. Qa7 Ra8 23. Qb6 Rad8 24. d6 Rd7 25. Rbd1 Red8 26. Bg4
f5 27. Bf3 Qb2 28. Qxa6 Qf6 29. Rfe1 Rxd6 30. Qc4+ Kh8 31. Rxd6 Qxd6 32. Qf7
Qf6 33. Qc7 Qd6 34. Qxd6 Rxd6 35. Re8+ 1-0

[Event "28th WSCC2018 - Open 50+"]
[Site "Bled"]
[Date "2018.11.27"]
[Round "9.14"]
[White "Chapman, Terry P D"]
[Black "Bergstrom, Rolf"]
[Result "1/2-1/2"]
[WhiteElo "2172"]
[BlackElo "2216"]
[PlyCount "99"]
[EventDate "2018.11.18"]

1. Nf3 d6 2. d4 Nf6 3. g3 g6 4. Bg2 Bg7 5. O-O O-O 6. c4 Bf5 7. Nc3 Ne4 8. Nh4
Nxc3 9. bxc3 Bc8 10. e4 Nd7 11. f4 Nb6 12. Qd3 Qd7 13. Re1 Qa4 14. Bf1 c6 15.
f5 Qa5 16. g4 Bd7 17. Bf4 e5 18. fxe6 Bxe6 19. Bxd6 Bxc4 20. Qg3 Rfe8 21. Bb4
Qa6 22. Bg2 Rad8 23. Nf3 h6 24. g5 h5 25. Nd2 Be6 26. Bf1 Qa4 27. e5 Nd5 28.
Reb1 Qc2 29. Nc4 Nxb4 30. Rxb4 b5 31. Rb2 Qa4 32. Nd6 Re7 33. Bg2 Rc7 34. Ne4
Qa3 35. Rc2 b4 36. Rac1 bxc3 37. Nf6+ Kh8 38. Rxc3 Qa4 39. d5 Qd4+ 40. Qe3
Qxe3+ 41. Rxe3 Bxf6 42. gxf6 Bxd5 43. Bxd5 Rxd5 44. e6 fxe6 45. Rxe6 Kg8 46.
Rcxc6 Rxc6 47. Rxc6 Ra5 48. Rc7 Rxa2 49. Rg7+ Kf8 50. Rxg6 1/2-1/2

[Event "28th WSCC2018 - Open 50+"]
[Site "Bled"]
[Date "2018.11.27"]
[Round "9.15"]
[White "Kranzl, Peter"]
[Black "Metz, Hartmut"]
[Result "1/2-1/2"]
[WhiteElo "2163"]
[BlackElo "2296"]
[PlyCount "93"]
[EventDate "2018.11.18"]

1. e4 c6 2. d4 d5 3. e5 Bf5 4. Nf3 e6 5. Be2 Nd7 6. O-O Ne7 7. Be3 Bg6 8. Nh4
c5 9. c3 Nc6 10. Nxg6 hxg6 11. Nd2 Be7 12. f4 Qb6 13. Qb3 cxd4 14. Qxb6 Nxb6
15. Bxd4 Nxd4 16. cxd4 O-O-O 17. Rac1+ Kb8 18. Rc2 a6 19. Nf3 Rd7 20. g3 Nc8
21. h4 Bd8 22. Bd3 Bb6 23. Kf2 Ne7 24. Ke3 Nc6 25. a3 Ne7 26. g4 Nc6 27. Rh1
Rc7 28. Rhc1 Rhc8 29. b4 Rh8 30. Rh1 Rhc8 31. Rhc1 Rh8 32. Rh1 Ka7 33. Rhh2
Rhc8 34. Rhg2 Kb8 35. Rh2 Re8 36. Rhg2 Rh8 37. Rh2 Re7 38. Rhg2 Ka7 39. Rh2 Rd7
40. Rc1 Rc7 41. Rcc2 Kb8 42. Rhg2 Rhc8 43. Rh2 Ba7 44. Rhg2 Rh8 45. Rh2 Bb6 46.
Rhd2 Rhc8 47. Rh2 1/2-1/2

[Event "28th WSCC2018 - Open 50+"]
[Site "Bled"]
[Date "2018.11.27"]
[Round "9.16"]
[White "Resika, Nathan"]
[Black "Lagunov, Evgenij"]
[Result "1-0"]
[WhiteElo "2124"]
[BlackElo "2272"]
[PlyCount "91"]
[EventDate "2018.11.18"]

1. c4 Nf6 2. g3 g6 3. Bg2 e5 4. Nc3 Bg7 5. Nf3 d6 6. d3 O-O 7. O-O Nc6 8. Rb1
Bg4 9. h3 Be6 10. b4 a6 11. a4 h6 12. b5 axb5 13. axb5 Ne7 14. Qc2 Qd7 15. Kh2
g5 16. Bb2 Nh5 17. Ra1 f5 18. Rxa8 Rxa8 19. Nd2 c6 20. Ra1 Rxa1 21. Bxa1 d5 22.
Na4 d4 23. Nc5 Qc8 24. Qa4 cxb5 25. Qxb5 Bf7 26. Ndb3 Nf6 27. Qxb7 Qd8 28. Qa8
Qxa8 29. Bxa8 Nc8 30. Bg2 Bf8 31. Kg1 Nb6 32. f4 gxf4 33. gxf4 exf4 34. Bxd4
Nfd7 35. Nxd7 Nxd7 36. Bc6 Be6 37. Kf2 Be7 38. Kf3 Bd6 39. Bd5 Bxd5+ 40. cxd5
Kf7 41. Nd2 Kg6 42. Nc4 Bb8 43. d6 Kf7 44. Ne5+ Ke6 45. Nxd7 Kxd7 46. Be5 1-0

[Event "28th WSCC2018 - Open 50+"]
[Site "Bled"]
[Date "2018.11.27"]
[Round "9.17"]
[White "Petran, Peter"]
[Black "Teo, Kok Siong"]
[Result "1-0"]
[WhiteElo "2256"]
[BlackElo "2191"]
[PlyCount "97"]
[EventDate "2018.11.18"]

1. g3 Nf6 2. Bg2 d6 3. d4 Nbd7 4. e4 e5 5. Ne2 Be7 6. Nbc3 c6 7. O-O O-O 8. a4
a5 9. h3 Rb8 10. Be3 b5 11. axb5 cxb5 12. Qd2 b4 13. Na4 Bb7 14. d5 Ba6 15. b3
Qc7 16. Rfc1 Rfc8 17. f3 Qb7 18. h4 Bd8 19. Bh3 Qb5 20. Kf2 Nc5 21. Nxc5 Rxc5
22. Bf1 Rbc8 23. c4 Qe8 24. Bh3 Nd7 25. Kg2 Bb6 26. Rc2 Ra8 27. Rca2 Bc8 28.
Ng1 g6 29. Ne2 Nf6 30. Bxc5 Bxh3+ 31. Kxh3 Qc8+ 32. g4 Qxc5 33. Nc1 Rc8 34. Nd3
Qc7 35. c5 dxc5 36. Nb2 h5 37. g5 Qd7+ 38. Kg2 Nxe4 39. fxe4 Qg4+ 40. Kf1 Qxh4
41. Nc4 Bd8 42. Qg2 Bxg5 43. Rxa5 Kg7 44. Ra7 Bf6 45. Qf3 Rf8 46. R1a2 Qg5 47.
Rf2 h4 48. Ke2 Be7 49. Ne3 1-0

[Event "28th WSCC2018 - Open 50+"]
[Site "Bled"]
[Date "2018.11.27"]
[Round "9.18"]
[White "Findlay, Ian T"]
[Black "Gavrish, Leonid"]
[Result "0-1"]
[WhiteElo "2255"]
[BlackElo "2144"]
[PlyCount "100"]
[EventDate "2018.11.18"]

1. e4 d6 2. d4 Nf6 3. Nc3 g6 4. f3 c6 5. Be3 b5 6. Qd2 Nbd7 7. g4 Nb6 8. h4 h5
9. g5 Nfd7 10. d5 Ne5 11. dxc6 Nbc4 12. Qf2 Bg7 13. Bd4 O-O 14. b3 Na3 15. Qd2
b4 16. Nb5 Nxb5 17. Bxb5 Rb8 18. a4 a6 19. f4 axb5 20. fxe5 bxa4 21. Rxa4 Qc7
22. Ne2 Qxc6 23. Ng3 dxe5 24. Be3 Ba6 25. Ra5 Rfd8 26. Rd5 Rxd5 27. exd5 Qb5
28. Kf2 Rd8 29. Rd1 Bb7 30. Qe2 Qd7 31. Qc4 Rc8 32. Qxb4 Rxc2+ 33. Rd2 Rxd2+
34. Qxd2 Bxd5 35. b4 Qb5 36. Bc5 e6 37. Qe2 Bc4 38. Qe4 Bd5 39. Qe2 Qa4 40. Ne4
Qb3 41. Nf6+ Bxf6 42. gxf6 Qh3 43. Qxe5 Qxh4+ 44. Ke3 Qe1+ 45. Kf4 Qd2+ 46. Qe3
Qh2+ 47. Kg5 Kh7 48. Qf4 Qg2+ 49. Kh4 e5 50. Qg3 Qe4+ 0-1

[Event "28th WSCC2018 - Open 50+"]
[Site "Bled"]
[Date "2018.11.27"]
[Round "9.19"]
[White "Mukanov, Saltanat"]
[Black "Farrell, Neil"]
[Result "1-0"]
[WhiteElo "2250"]
[BlackElo "2117"]
[PlyCount "133"]
[EventDate "2018.11.18"]

1. e4 e6 2. d3 d5 3. Nd2 c5 4. Ngf3 Bd6 5. g3 Ne7 6. Bg2 Nbc6 7. O-O O-O 8. Re1
f6 9. h4 Bc7 10. c3 d4 11. cxd4 cxd4 12. Nf1 e5 13. Bd2 Be6 14. b4 b5 15. Qb1
Bd6 16. Rc1 Qd7 17. Ne1 a5 18. bxa5 b4 19. Rc2 Rxa5 20. Rb2 Ra4 21. Nc2 Rb8 22.
Bc1 Qa7 23. Nd2 Na5 24. Bf1 Nec6 25. Be2 Nb7 26. Nb3 Nc5 27. Nxc5 Bxc5 28. Bd2
Qb6 29. Ne1 Raa8 30. Bd1 Bd6 31. Bb3 Bxb3 32. Rxb3 Ra4 33. Kf1 Qa6 34. Ke2 Ra8
35. Rb2 Ra3 36. Bc1 Rc3 37. Rd2 g6 38. Bb2 f5 39. exf5 gxf5 40. Kd1 Qa4+ 41.
Ke2 Qb5 42. Kf1 Qd5 43. Kg1 Rc5 44. Rc2 h6 45. Rxc5 Bxc5 46. Bc1 Kh7 47. Bd2 e4
48. Bf4 e3 49. Qb2 Ra3 50. Rc1 Rc3 51. Rd1 Ra3 52. Rc1 exf2+ 53. Qxf2 Ne5 54.
Bxe5 Qxe5 55. Rc2 Bd6 56. Kg2 f4 57. gxf4 Qxf4 58. Qxf4 Bxf4 59. Kf3 Bd6 60.
Ke4 Rc3 61. Re2 Bc5 62. Nf3 b3 63. axb3 Rxb3 64. Rc2 Bb6 65. Nxd4 Bxd4 66. Kxd4
Kg6 67. Ke4 {(91)} 1-0

[Event "28th WSCC2018 - Open 50+"]
[Site "Bled"]
[Date "2018.11.27"]
[Round "9.20"]
[White "Cetinkaya, Vedat Ali"]
[Black "Matthews, Shane"]
[Result "1-0"]
[WhiteElo "2056"]
[BlackElo "2243"]
[PlyCount "120"]
[EventDate "2018.11.18"]

1. d4 Nf6 2. Nf3 g6 3. g3 Bg7 4. Bg2 O-O 5. c4 d6 6. Nc3 Nbd7 7. e4 e5 8. d5
Nc5 9. Qc2 a5 10. O-O b6 11. b3 Nh5 12. a3 f5 13. Bg5 Qe8 14. b4 fxe4 15. Nxe4
Nxe4 16. Qxe4 Bf5 17. Qe3 Qa4 18. h3 Qd7 19. Kh2 axb4 20. axb4 Rxa1 21. Rxa1
Nf4 22. gxf4 exf4 23. Qc1 h6 24. Bxf4 Bxa1 25. Qxa1 Be4 26. Bxh6 Rxf3 27. Bxf3
Bxf3 28. Qf6 Qf7 29. Qd8+ Kh7 30. Bg5 Be4 31. Be3 g5 32. Qxg5 Qf3 33. Bd4 Qh1+
34. Kg3 Qg1+ 35. Kh4 Qxg5+ 36. Kxg5 Bd3 37. Bf6 Bxc4 38. Bd8 Bxd5 39. Bxc7 b5
40. Bxd6 Bf3 41. h4 Kg8 42. Kf4 Bh5 43. f3 Kf7 44. Ke4 Ke6 45. Bc5 Bg6+ 46. Kf4
Bh5 47. Bd4 Kf7 48. Ke4 Ke6 49. Be3 Kf6 50. Bg5+ Ke6 51. f4 Bg4 52. Kd4 Be2 53.
Kc5 Kf5 54. h5 Bd3 55. Kc6 Be2 56. h6 Kg6 57. f5+ Kh7 58. f6 Kg6 59. Kd6 Bd3
60. h7 Kxh7 1-0

[Event "28th WSCC2018 - Open 50+"]
[Site "Bled"]
[Date "2018.11.27"]
[Round "9.21"]
[White "Cmiel, Thorsten"]
[Black "Habibi, Ali"]
[Result "1/2-1/2"]
[WhiteElo "2122"]
[BlackElo "2237"]
[PlyCount "189"]
[EventDate "2018.11.18"]

1. Nf3 c5 2. c4 Nf6 3. Nc3 a6 4. d4 cxd4 5. Nxd4 e6 6. e4 d6 7. Be2 Be7 8. O-O
O-O 9. Be3 Nbd7 10. f3 Qc7 11. Qd2 b6 12. Rfc1 Bb7 13. a4 Rab8 14. b4 Rfc8 15.
Nd1 Qd8 16. Nb3 Qf8 17. b5 a5 18. Nc3 Bd8 19. Rd1 Bc7 20. Qe1 Ba8 21. Kh1 h6
22. Rac1 Qe7 23. Bf1 Re8 24. Qg3 Nc5 25. Nxc5 dxc5 26. Qh4 Be5 27. Bf4 Qc7 28.
Bxe5 Qxe5 29. Qg3 Qxg3 30. hxg3 Red8 31. Kg1 Kf8 32. Kf2 Ke7 33. Ke3 Nh5 34. g4
Nf6 35. Rxd8 Rxd8 36. Rd1 Nd7 37. Be2 e5 38. g3 Nf8 39. Rxd8 Kxd8 40. f4 Ke7
41. f5 Nd7 42. Nd1 Nf6 43. Nf2 Bb7 44. Bd1 g6 45. Be2 Ne8 46. Bd3 Nd6 47. Bf1
Kf6 48. Be2 h5 49. fxg6 fxg6 50. gxh5 gxh5 51. Bd3 Bc8 52. Nd1 Be6 53. Nb2 Bg4
54. Bf1 Kg5 55. Bd3 h4 56. gxh4+ Kxh4 57. Bc2 Be6 58. Bd3 Kg3 59. Bf1 Bf7 60.
Be2 Kg2 61. Bf3+ Kg1 62. Be2 Be6 63. Bd3 Bg4 64. Bc2 Kf1 65. Bd3+ Kg2 66. Bc2
Bf3 67. Bd3 Kg3 68. Bc2 Bg2 69. Bd3 Ne8 70. Nd1 Nf6 71. Nc3 Bh3 72. Nd5 Nd7 73.
Ne7 Bg4 74. Bc2 Be6 75. Bd3 Kg4 76. Nd5 Kg5 77. Be2 Bh3 78. Bd3 Bg4 79. Bf1 Kg6
80. Bg2 Kf7 81. Kd2 Be6 82. Ke3 Bxd5 83. exd5 Nf6 84. Bh3 Ke7 85. Bf1 Kd6 86.
Bd3 Ke7 87. Bg6 Kd8 88. Kf3 Ke7 89. Ke3 Kd6 90. Kf3 Ke7 91. Ke3 Kd7 92. Kf3 Kd6
93. Ke3 Ng4+ 94. Kf3 Nh6 95. Ke3 1/2-1/2

[Event "28th WSCC2018 - Open 50+"]
[Site "Bled"]
[Date "2018.11.27"]
[Round "9.22"]
[White "Stentebjerg-Hansen, Per"]
[Black "Lopez Pereyra, Antonio"]
[Result "1-0"]
[WhiteElo "2219"]
[BlackElo "2066"]
[Annotator "Skuhala,Jernej"]
[PlyCount "71"]
[EventDate "2018.11.18"]

1. d4 e6 2. Nc3 d5 3. e4 Nf6 4. e5 Nfd7 5. f4 c5 6. Nf3 Nc6 7. Be3 Qb6 8. dxc5
Bxc5 9. Bxc5 Nxc5 10. Qd2 O-O 11. O-O-O Bd7 12. Kb1 Rfd8 13. Bd3 Ne7 14. Rhf1
Bc6 15. Qf2 Ne4 16. Bxe4 dxe4 17. Qxb6 axb6 18. Nd4 Bd5 19. Rfe1 Nc6 20. Ndb5
Ra5 21. Nd6 Rda8 22. a3 Ne7 23. Ncxe4 b5 24. c3 b6 25. Rd2 Nc6 26. Kc2 Ra4 27.
g3 Na5 28. Rde2 Bb3+ 29. Kc1 Bd5 30. Nd2 b4 31. axb4 Nb3+ 32. Kc2 Na1+ 33. Kd3
Ra2 34. Rb1 f6 35. N2c4 fxe5 36. fxe5 {(60)} 1-0

[Event "28th WSCC2018 - Open 50+"]
[Site "Bled"]
[Date "2018.11.27"]
[Round "9.24"]
[White "Biro, Sandor"]
[Black "Ruiz Bellon, Manuel"]
[Result "1-0"]
[WhiteElo "2191"]
[BlackElo "1934"]
[PlyCount "51"]
[EventDate "2018.11.18"]

1. e4 e6 2. Nf3 c5 3. c3 d5 4. exd5 Qxd5 5. d4 Nc6 6. Na3 a6 7. Nc4 cxd4 8. Nb6
Qe4+ 9. Qe2 Qxe2+ 10. Bxe2 Rb8 11. Bf4 Bc5 12. Na4 Ba7 13. Bxb8 Bxb8 14. Nb6
dxc3 15. Nxc8 Bc7 16. O-O-O cxb2+ 17. Kxb2 Nf6 18. Nd6+ Ke7 19. Nc4 b5 20. Ne3
Nb4 21. Rc1 Bd6 22. Rhd1 Rb8 23. Nd4 Rb6 24. Bf3 Be5 25. Kb3 a5 26. a3 1-0

[Event "28th WSCC2018 - Open 50+"]
[Site "Bled"]
[Date "2018.11.27"]
[Round "9.25"]
[White "Baimurzin, Aitkazy"]
[Black "Jensen, Stein"]
[Result "1/2-1/2"]
[WhiteElo "2154"]
[BlackElo "2011"]
[PlyCount "75"]
[EventDate "2018.11.18"]

1. Nf3 c5 2. c4 Nc6 3. Nc3 g6 4. g3 Bg7 5. Bg2 e5 6. O-O Nge7 7. a3 a5 8. d3
O-O 9. Rb1 d6 10. Ne1 Be6 11. Nd5 Rb8 12. Bd2 b5 13. Nxe7+ Nxe7 14. cxb5 Rxb5
15. b4 axb4 16. axb4 cxb4 17. Rxb4 Qb8 18. Qa4 Rxb4 19. Qxb4 h6 20. Nc2 Qc7 21.
Rc1 Qd7 22. Na3 Rc8 23. Rb1 d5 24. h4 f5 25. Qb6 e4 26. Qa6 Rc6 27. Qa8+ Rc8
28. Rb8 Rxb8 29. Qxb8+ Kh7 30. Nb5 Nc6 31. Qb6 Bg8 32. d4 Bf6 33. Bh3 Bd8 34.
Qa6 Bf6 35. e3 h5 36. Bf1 Bf7 37. Nc3 Nd8 38. Bb5 {(91)} 1/2-1/2

[Event "28th WSCC2018 - Open 50+"]
[Site "Bled"]
[Date "2018.11.27"]
[Round "9.26"]
[White "Schmuki, Roman"]
[Black "Gayson, Peter M"]
[Result "1/2-1/2"]
[WhiteElo "2011"]
[BlackElo "2141"]
[PlyCount "50"]
[EventDate "2018.11.18"]

1. e4 c5 2. Nf3 e6 3. c3 d5 4. exd5 exd5 5. d4 Nf6 6. Be3 b6 7. Ne5 Bd6 8. Bb5+
Bd7 9. Nxd7 Nbxd7 10. O-O O-O 11. Nd2 Qc7 12. h3 c4 13. Qf3 Rfe8 14. Rfe1 Ne4
15. Qf5 Nef6 16. Bg5 Rxe1+ 17. Rxe1 a6 18. Ba4 h6 19. Bxf6 Nxf6 20. Nf1 b5 21.
Bc2 Qd7 22. Qf3 b4 23. Ne3 Re8 24. Rd1 bxc3 25. bxc3 Rb8 1/2-1/2

[Event "28th WSCC2018 - Open 50+"]
[Site "Bled"]
[Date "2018.11.27"]
[Round "9.27"]
[White "Smolin, Sergey"]
[Black "Bennett, Hilton"]
[Result "1/2-1/2"]
[WhiteElo "2140"]
[BlackElo "1929"]
[PlyCount "86"]
[EventDate "2018.11.18"]

1. e4 g6 2. d4 Bg7 3. c3 d6 4. f4 Nf6 5. Bd3 O-O 6. Nf3 c5 7. dxc5 Nbd7 8. Be3
Nxc5 9. Bxc5 dxc5 10. Qe2 Qc7 11. g3 a6 12. a4 b6 13. Nbd2 Bb7 14. O-O e6 15.
e5 Nd5 16. Ne4 Rfd8 17. Nd6 Bf8 18. Nxb7 Qxb7 19. c4 Nb4 20. Be4 Nc6 21. Qg2
Rac8 22. h4 Qc7 23. h5 Nd4 24. hxg6 Nxf3+ 25. Qxf3 hxg6 26. Rad1 Rxd1 27. Rxd1
Rd8 28. Kg2 Rxd1 29. Qxd1 Be7 30. Kf3 a5 31. g4 Qd8 32. Qc2 Kg7 33. f5 Bg5 34.
fxg6 fxg6 35. Bxg6 Qd4 36. Bh5 Qe3+ 37. Kg2 Qd2+ 38. Qxd2 Bxd2 39. Kf3 Bg5 40.
Ke4 Bc1 41. b3 Bg5 42. Be8 Kf8 43. Bg6 Kg7 1/2-1/2

[Event "28th WSCC2018 - Open 50+"]
[Site "Bled"]
[Date "2018.11.27"]
[Round "9.28"]
[White "Severcan, Sedat Sabri"]
[Black "Metge, J. Nigel"]
[Result "1-0"]
[WhiteElo "1883"]
[BlackElo "2130"]
[PlyCount "59"]
[EventDate "2018.11.18"]

1. d4 Nf6 2. c4 e6 3. Nf3 b6 4. g3 Bb7 5. Bg2 Bb4+ 6. Bd2 Qe7 7. O-O O-O 8. Bf4
d5 9. c5 bxc5 10. a3 Ba5 11. dxc5 Qxc5 12. b4 Bxb4 13. axb4 Qxb4 14. Bxc7 Nc6
15. Nbd2 Qe7 16. Be5 Nxe5 17. Nxe5 Rac8 18. e3 Qc7 19. Nef3 a5 20. Re1 Ba6 21.
Qa4 Bd3 22. Qd4 Qc3 23. Qxc3 Rxc3 24. Nb1 Rc2 25. Ne5 Be4 26. f3 Bf5 27. g4 Bg6
28. h4 h5 29. g5 Ne8 30. Nxg6 {(46)} 1-0

[Event "28th WSCC2018 - Open 50+"]
[Site "Bled"]
[Date "2018.11.27"]
[Round "9.29"]
[White "Malinovsky, Petr"]
[Black "Bulgarini Torre, Marco"]
[Result "1/2-1/2"]
[WhiteElo "2048"]
[BlackElo "1863"]
[Annotator "Skuhala,Jernej"]
[PlyCount "123"]
[EventDate "2018.11.18"]

1. d4 Nf6 2. c4 c5 3. d5 e6 4. Nc3 exd5 5. cxd5 d6 6. Nf3 g6 7. Bf4 Bg7 8. Qa4+
Bd7 9. Qb3 b5 10. Bxd6 Qb6 11. Be5 O-O 12. a4 b4 13. Nb5 Bxb5 14. axb5 Qxb5 15.
e3 Qb7 16. Bc4 a5 17. O-O Nbd7 18. Bd6 Rfe8 19. Rfd1 Ne4 20. Bf4 Nb6 21. Bb5 c4
22. Qc2 b3 23. Qe2 c3 24. Bxe8 Rxe8 25. Qb5 Rc8 26. bxc3 Nxc3 27. Qxb3 Nxd1 28.
Rxd1 a4 29. Qb1 a3 30. Be5 f6 31. Bd4 Rb8 32. d6 Nd7 33. Qa1 Qb3 34. Nd2 Qc2
35. Qc1 Qxc1 36. Rxc1 Kf7 37. Kf1 Ke6 38. Ra1 Ra8 39. Ra2 Kd5 40. Nb1 Bf8 41.
Rxa3 Rxa3 42. Nxa3 Bxd6 43. Nb5 Bb8 44. Na3 Ke4 45. h3 Kd3 46. Nb5 f5 47. Nc3
Bd6 48. Na4 Ba3 49. Nb6 Nxb6 50. Bxb6 Bb4 51. f3 Bc3 52. Kf2 Bb4 53. g4 Bd6 54.
Ba7 Bc7 55. Bd4 Bd6 56. Bb6 Bb8 57. h4 fxg4 58. fxg4 Ke4 59. h5 Bd6 60. hxg6
hxg6 61. Bd8 Bb8 62. Bg5 {(71)} 1/2-1/2